000 00568nam a2200193 i 4500
001 31119
003 ES-MaACL
005 20230906154320.0
007 t|
008 030128s1981 sp ||||1| spa d
100 1 _aBen-Ami, Shlomo.
_927404
245 1 0 _aHistoria del Estado de Israel (génesis, problemas y realizaciones) /
_cSchlomo Ben Ami, Zvi Medin.
260 _aMadrid :
_bRialp,
_c[1981]
300 _a295 p. ;
_c20 cm.
490 1 _aHistoria ;
_v7
830 0 _aHistoria ;
_v7
_9177536
852 _aES-MaACL
_jL-1516
_bR.102432
999 _c31119
_d31119